=LDR 00000nam 2200000 4500 =001 INLIS000000000041712 =005 20130612151228 =008 ************************************* =035 ##$$0010-061300000041712 =082 ##$$a 344.04 =090 ##$$a 344.04, soe s =100 ##$$a Soekanto, Soerjono =245 ##$$a Segi segi hukum hak dan kewajiban pasien : dalam kerangka hukum kesehatan, Prof.Dr. Soerjono Soekanto, SH.,M.A =260 ##$$a 1990 $b Bandung =300 ##$$a viii+89 hlm., 20 cm =650 ##$$a Segi segi hukum hak dan kewajiban pasien =850 ##$$a NBPNMAT